[Event "AUTO-ADV-2877"]
[Site "http://www.queenalice.com/game.php?id=1190628"]
[Date "2013.6.13"]
[Round "1"]
[White "yasseryack"]
[Black "Xavier"]
[Result "1-0"]
[WhiteElo "1927"]
[BlackElo "1861"]

1. e4 e5 2. b3 Nc6 3. Bb2 Nf6 4. Qe2 Bc5 5. Nc3 Nd4 6. Qd3 O-O 7. O-O-O Ng4 8.
Nh3 c6 9. Na4 d6 10. Nxc5 dxc5 11. f3 Nh6 12. g4 b5 13. g5 Bxh3 14. gxh6 Bxf1
15. Rdxf1 gxh6 16. Rhg1+ Kh8 17. Qe3 Qf6 18. f4 exf4 19. Rxf4 Ne2+ 20. Qxe2 1-0

[Event "AUTO-ADV-2877"]
[Site "http://www.queenalice.com/game.php?id=1190629"]
[Date "2013.6.13"]
[Round "1"]
[White "Xavier"]
[Black "yasseryack"]
[Result "0-1"]
[WhiteElo "1848"]
[BlackElo "1983"]

1. e4 c5 2. Bc4 e6 3. d3 Be7 4. Nf3 Nc6 5. O-O Nf6 6. Nc3 Na5 7. Bb5 O-O 8. e5
Nd5 9. Bd2 Nb6 10. a3 a6 11. Ba4 c4 12. b3 cxd3 13. cxd3 Nxa4 14. Nxa4 b5 15.
Nb2 Nc6 16. d4 Bb7 17. h4 Bxh4 18. g3 Be7 19. g4 Bh4 20. Qc2 Rc8 21. g5 Nxd4 22.
Nxd4 Rxc2 0-1

[Event "AUTO-ADV-2877"]
[Site "http://www.queenalice.com/game.php?id=1190636"]
[Date "2013.6.13"]
[Round "1"]
[White "zolaweed"]
[Black "Xavier"]
[Result "1-0"]
[WhiteElo "2002"]
[BlackElo "1857"]

1. e4 Nc6 2. d4 d5 3. Nc3 dxe4 4. d5 Nb4 5. a3 Na6 6. Nxe4 c6 7. c4 e6 8. Nc3
exd5 9. cxd5 Ne7 10. Bc4 b5 11. Ba2 Nc7 12. d6 Ncd5 13. dxe7 Bxe7 14. Nxd5 cxd5
15. Qxd5 Qxd5 16. Bxd5 Rb8 17. Be3 Bf6 18. Bxa7 Bxb2 19. Rd1 Bc3+ 20. Kf1 Ba6
21. Bxb8 b4+ 22. Ne2 O-O 23. axb4 Rxb8 24. Bf3 Bxb4 25. g3 g6 26. Kg2 g5 27. Nd4
Bc5 28. Rd2 Rd8 29. Nb3 Rc8 30. Nxc5 Rxc5 31. Rhd1 f5 32. h3 h6 33. Rd8+ Kf7 34.
Bh5+ Ke7 35. R1d7+ Ke6 36. Rd6+ Ke7 37. R8d7+ 1-0

[Event "AUTO-ADV-2877"]
[Site "http://www.queenalice.com/game.php?id=1190637"]
[Date "2013.6.13"]
[Round "1"]
[White "Xavier"]
[Black "zolaweed"]
[Result "0-1"]
[WhiteElo "1871"]
[BlackElo "1988"]

1. e4 c5 2. Bc4 e6 3. Nf3 Nf6 4. d3 Nc6 5. e5 Ng4 6. Bg5 Qc7 7. Bf4 Ngxe5 8.
Nxe5 Nxe5 9. O-O d6 10. d4 Nxc4 11. dxc5 Qxc5 12. b3 Ne5 13. Be3 Qc6 14. c4 b6
15. Nc3 Bb7 16. f3 Be7 17. Nb5 O-O 18. Nd4 Qd7 19. f4 Ng6 20. f5 e5 21. fxg6
exd4 22. gxh7+ Kh8 23. Bxd4 f6 24. Qh5 Qe8 25. Qh3 Qg6 26. g3 Qe4 27. Kf2 Qxd4+
28. Ke2 Rae8 29. Rfd1 Bd8+ 30. Kf1 Qe4 31. Re1 Qd3+ 32. Kg1 b5 33. Rad1 Bb6+ 0-1

[Event "AUTO-ADV-2731"]
[Site "http://www.queenalice.com/game.php?id=1200339"]
[Date "2013.7.16"]
[Round "2"]
[White "Xavier"]
[Black "goreb83"]
[Result "1-0"]
[WhiteElo "1836"]
[BlackElo "1889"]

1. c4 f5 2. d4 Nf6 3. Nf3 e6 4. h4 b6 5. e3 Bb7 6. Qb3 Bxf3 7. gxf3 Be7 8. Qa4
Nc6 9. a3 a5 10. Nc3 O-O 11. d5 exd5 12. cxd5 1-0

[Event "AUTO-ADV-2731"]
[Site "http://www.queenalice.com/game.php?id=1200340"]
[Date "2013.7.16"]
[Round "2"]
[White "goreb83"]
[Black "Xavier"]
[Result "0-1"]
[WhiteElo "1871"]
[BlackElo "1854"]

1. d4 Nf6 2. c4 e6 3. Nc3 Bb4 4. Bd2 O-O 5. Nf3 d6 6. e3 Nc6 7. Bd3 e5 8. dxe5
dxe5 9. Bc2 Bg4 10. h3 Bxf3 11. gxf3 a6 12. a3 Bxc3 0-1

[Event "AUTO-ADV-2731"]
[Site "http://www.queenalice.com/game.php?id=1200341"]
[Date "2013.7.16"]
[Round "2"]
[White "Xavier"]
[Black "szachista92"]
[Result "0-1"]
[WhiteElo "1847"]
[BlackElo "2195"]

1. e4 c6 2. Nc3 d5 3. exd5 cxd5 4. d4 Bf5 5. Bb5+ Nc6 6. Qf3 e6 7. Qe2 Nf6 8.
Bg5 Be7 9. Nf3 O-O 10. Bxc6 bxc6 11. Ne5 Qb6 12. O-O-O Rab8 13. b3 Ba3+ 14. Kb1
Qb4 15. Bd2 Qxd4 16. Nxc6 Qc5 17. Nxb8 Rxb8 18. h3 d4 19. Bf4 Qxc3 20. Bc1 Rxb3+
21. axb3 Qxb3+ 22. Ka1 Bxc2 23. Qxc2 Qxc2 24. Bxa3 Qc3+ 25. Ka2 Nd5 26. Rc1 Qd2+
27. Ka1 h6 28. Rhf1 Qa5 29. Kb2 Qb5+ 30. Ka2 Nc3+ 31. Ka1 Qb3 32. Rxc3 dxc3 0-1

[Event "AUTO-ADV-2731"]
[Site "http://www.queenalice.com/game.php?id=1200342"]
[Date "2013.7.16"]
[Round "2"]
[White "szachista92"]
[Black "Xavier"]
[Result "1-0"]
[WhiteElo "2190"]
[BlackElo "1860"]

1. e4 e5 2. Nf3 Nc6 3. Bb5 Nf6 4. O-O Nxe4 5. Re1 d5 6. d3 Bc5 7. dxe4 a6 8. Ba4
b5 9. Bb3 dxe4 10. Qxd8+ Nxd8 11. Nxe5 Bf5 12. g4 Be6 13. Rxe4 O-O 14. Be3 Bxe3
15. Rxe3 Bxb3 16. axb3 f6 17. Nf3 Nc6 18. Nc3 Nb4 19. Ne1 Rad8 20. Ne4 f5 21.
Nc5 Rf6 22. c3 Nd5 23. Rd3 Rg6 24. Rxa6 Rxg4+ 25. Kf1 Rh4 26. Nf3 Rh5 27. c4 Nb4
28. Rxd8+ 1-0

[Event "Challenge"]
[Site "http://www.queenalice.com/game.php?id=1207032"]
[Date "2013.8.10"]
[Round "-"]
[White "Paraucho"]
[Black "Xavier"]
[Result "1-0"]
[WhiteElo "1785"]
[BlackElo "1852"]

1. e4 e5 2. Nf3 Nc6 3. Bc4 Qf6 4. c3 Nh6 5. d3 Ng4 6. O-O Bc5 7. d4 exd4 8. cxd4
Nxd4 9. Nxd4 Nxf2 10. Rxf2 Bxd4 11. Qf3 Qxf3 12. gxf3 Bxf2+ 13. Kxf2 O-O 14. Nc3
c6 15. Bf4 b5 16. Bb3 a5 17. a3 a4 18. Bc2 f6 19. Ne2 g5 20. Bg3 h5 21. h4 g4
22. f4 d5 23. exd5 cxd5 24. Bg6 Bb7 25. Bxh5 f5 26. Nd4 Rf6 27. Re1 Rc8 28. Be8
Rc4 29. Ke3 Rf8 30. Bxb5 Rc7 31. Kd3 Ra8 32. Re5 Ba6 33. Bxa6 Rxa6 34. Rxf5 Rc1
35. Rg5+ Kh7 36. Rxg4 Rb6 37. f5 Rd1+ 38. Kc2 Rf1 39. Rg5 Kh6 40. Bc7 Rf2+ 41.
Kc3 Rb7 42. Bd6 Rf7 43. Rg8 Kh7 44. Rg5 Rf1 45. Bb4 Rh1 46. Kd3 Rh3+ 47. Kc2
Rc7+ 48. Kd2 Rxh4 49. Nb5 Rh2+ 50. Kd3 Rd7 51. Bc3 d4 52. Nxd4 Rh3+ 53. Kc4 Rb7
54. Nc6 Rc7 55. Kb5 Rf3 56. f6 Kh6 57. Rg7 Rf5+ 58. Kb6 Rf7 59. Rxf7 Kg5 60.
Rg7+ 1-0

[Event "Challenge"]
[Site "http://www.queenalice.com/game.php?id=1207033"]
[Date "2013.8.10"]
[Round "-"]
[White "Xavier"]
[Black "Paraucho"]
[Result "1-0"]
[WhiteElo "1845"]
[BlackElo "1616"]

1. e4 c6 2. d4 d5 3. exd5 cxd5 4. Nc3 Bf5 5. Bb5+ Nc6 6. Qf3 Be6 7. Nge2 a6 8.
Ba4 Nf6 9. Nf4 Qa5 10. O-O O-O-O 11. Nxe6 fxe6 12. Bxc6 bxc6 13. Qh3 Kd7 14. f4
g6 15. g4 h5 16. f5 Bg7 17. fxe6+ Kc8 18. g5 Ng4 19. Rf7 Bxd4+ 20. Kg2 Bxc3 21.
bxc3 Qb5 22. Kg1 Qc5+ 23. Kg2 Rdf8 24. Qf3 Re8 25. h3 Ne5 26. Be3 Qxc3 27. Qe2
Nc4 28. Re1 d4 29. Bf4 Kb7 30. Qe4 Nd2 31. Bxd2 Qxd2+ 32. Kf1 Qxg5 33. Rb1+ Kc7
34. Qxd4 Qd5 35. Qf4+ Qd6 36. Rb7+ Kc8 37. Qxd6 exd6 38. Rfc7+ 1-0

[Event "OS INCLIVEIS"]
[Site "http://www.queenalice.com/game.php?id=1208728"]
[Date "2013.8.16"]
[Round "-"]
[White "adelio"]
[Black "Xavier"]
[Result "1-0"]
[WhiteElo "1733"]
[BlackElo "1833"]

1. b4 e5 2. b5 Bc5 3. e3 Nf6 4. c4 e4 5. Bb2 d5 6. Bxf6 Qxf6 7. Nc3 d4 8. Nxe4
Qe5 9. Nxc5 Qxc5 10. a4 O-O 11. Nf3 Bg4 12. h3 dxe3 13. fxe3 Be6 14. Qc2 h6 15.
g4 f5 16. Bd3 g6 17. Ke2 Nd7 18. Rag1 fxg4 19. hxg4 Kg7 20. Bxg6 Nb6 21. Bh7 Bf7
22. g5 h5 23. g6 Bd5 24. Qc3+ Kh6 25. Rxh5+ Kxh5 26. Qe5+ Kh6 27. Rh1# 1-0

[Event "Sou péssimo no chess"]
[Site "http://www.queenalice.com/game.php?id=1359593"]
[Date "2015.5.15"]
[Round "-"]
[White "Magogue"]
[Black "Xavier"]
[Result "1-0"]
[WhiteElo "1971"]
[BlackElo "1749"]

1. e4 Nc6 2. d4 e5 3. d5 Nb4 4. a3 Na6 5. Bxa6 bxa6 6. Nf3 Qf6 7. Bg5 Qg6 8. O-O
Qxe4 9. Re1 Qa4 10. Rxe5+ Ne7 11. Bxe7 Bxe7 12. Qe1 O-O 13. Rxe7 Qxc2 14. Re2
Qb3 15. Nc3 Bb7 16. Nd4 Qb6 17. Nf3 h6 18. Rb1 a5 19. Ne5 Rad8 20. Nc4 Qg6 21.
Nxa5 Ba6 22. Re3 Qb6 23. b4 Qg6 24. Rg3 Qd6 25. Qe3 Ra8 26. Qd4 f6 27. Qe3 Rfe8
28. Qd2 c6 29. Qxh6 Qf8 30. dxc6 Qe7 31. Qe3 dxc6 32. Qxe7 Rxe7 33. Nxc6 Re6 34.
Nd4 Re5 35. Nc6 Ree8 36. b5 Bb7 37. Kf1 a6 38. a4 axb5 39. axb5 Bxc6 40. bxc6
Rac8 41. Rb6 Ra8 42. Re3 Ra1+ 43. Ke2 Rc8 44. Re7 Kf8 45. Reb7 Ra3 46. Nb5 Re8+
47. Kd2 Ra2+ 48. Kd3 Rd8+ 49. Rd7 Rxd7+ 50. cxd7 Ra8 51. Rc6 Ke7 52. Rc8 1-0

[Event "Falo sério!"]
[Site "http://www.queenalice.com/game.php?id=1359594"]
[Date "2015.5.15"]
[Round "-"]
[White "Xavier"]
[Black "Magogue"]
[Result "0-1"]
[WhiteElo "1777"]
[BlackElo "1843"]

1. e4 e5 2. Bc4 Nf6 3. d3 Bc5 4. Qf3 O-O 5. Nc3 a6 6. Bg5 Be7 7. Nge2 c6 8. Ng3
h6 9. Be3 d5 10. exd5 Bg4 11. Qf5 Bxf5 12. Nxf5 cxd5 13. Nxd5 Nxd5 14. Bxd5 Qd7
15. Be4 Nc6 16. O-O Rac8 17. a3 Bf6 18. b3 Ne7 19. g4 Nxf5 20. Bxf5 Qc6 21. Bxc8
Rxc8 22. c4 Qf3 23. g5 Bxg5 24. Bxg5 Qg4+ 25. Kh1 Qxg5 26. Rae1 f6 27. Re3 Qf5
28. f3 Rd8 29. Rd1 Qf4 30. Rde1 Qd4 31. f4 Qxf4 32. Rg3 Qd2 33. Reg1 g5 34. h4
Rxd3 35. hxg5 Rxg3 36. Rxg3 hxg5 0-1

[Event "AUTO-ADV-3413"]
[Site "http://www.queenalice.com/game.php?id=1359740"]
[Date "2015.5.16"]
[Round "1"]
[White "Xavier"]
[Black "thw"]
[Result "0-1"]
[WhiteElo "1764"]
[BlackElo "1789"]

1. e4 c5 2. Nc3 g6 3. d4 Bg7 4. Nge2 cxd4 5. Nxd4 Nc6 6. Be3 Nf6 7. Nxc6 bxc6 8.
Bd4 O-O 9. Qe2 a5 10. Qf3 Qc7 11. Bc4 Ba6 12. Bb3 Bb5 13. O-O-O a4 14. Nxb5 cxb5
15. Bd5 Nxd5 16. Bxg7 Kxg7 17. exd5 Rac8 18. c3 b4 19. Rd3 Qd6 20. Kb1 bxc3 21.
bxc3 Rb8+ 22. Ka1 Qa3 23. Qe2 Rb3 24. Rb1 Rfb8 25. Rdd1 Rxb1+ 26. Rxb1 Qxc3+ 0-1

[Event "AUTO-ADV-3413"]
[Site "http://www.queenalice.com/game.php?id=1359741"]
[Date "2015.5.16"]
[Round "1"]
[White "thw"]
[Black "Xavier"]
[Result "1-0"]
[WhiteElo "1823"]
[BlackElo "1742"]

1. e4 e5 2. Nf3 Qf6 3. Bc4 d6 4. d3 Qg6 5. Ng5 Be6 6. Bxe6 fxe6 7. O-O Be7 8.
Nf3 Nc6 9. Nc3 Qh5 10. Be3 Nd4 11. Nxd4 Qxd1 12. Raxd1 exd4 13. Bxd4 e5 14. Be3
a6 15. f4 exf4 16. Bxf4 O-O-O 17. Nd5 Rd7 18. Rf2 g5 19. Nxe7+ Rxe7 20. Bxg5 Re8
21. Rdf1 Ne7 22. Bxe7 Rxe7 23. Rf8+ Rxf8 24. Rxf8+ Kd7 25. Kf2 c5 26. g4 Rg7 27.
h3 Ke7 28. Rf5 Ke6 29. Kf3 h6 30. Kf4 Rf7 31. Rxf7 Kxf7 32. Kf5 b5 33. h4 a5 34.
g5 hxg5 35. Kxg5 1-0

[Event "AUTO-ADV-3413"]
[Site "http://www.queenalice.com/game.php?id=1359742"]
[Date "2015.5.16"]
[Round "1"]
[White "Xavier"]
[Black "loinburger"]
[Result "0-1"]
[WhiteElo "1792"]
[BlackElo "1826"]

1. e4 e5 2. Nc3 Nf6 3. Bc4 Bc5 4. d3 h6 5. Nf3 d6 6. Nd5 Nbd7 7. Nxf6+ Nxf6 8.
h3 O-O 9. c3 Bb6 10. Nh4 Nxe4 11. dxe4 Qxh4 12. Qe2 Qf6 13. Be3 Bxe3 14. Qxe3
Qg6 15. g4 b6 16. f3 Bb7 17. Bd3 Qf6 18. O-O-O a5 19. Bc4 Rfd8 20. a4 Bc6 21.
Bd5 Bxd5 22. exd5 g5 23. Qf2 Qf4+ 24. Kb1 Qxa4 25. h4 f6 26. hxg5 fxg5 27. Rxh6
Qxd1+ 28. Ka2 Qxd5+ 29. Ka1 Qf7 30. Qh2 Qg7 31. Qh5 Rd7 32. Rg6 Qxg6 33. Qxg6+
Rg7 34. Qe6+ Kh7 35. Kb1 Rf8 36. Qd5 Rf4 37. b3 Re7 38. Qd2 Re6 39. Qd5 Ref6 40.
Qb7 Rf7 41. Kb2 Rxf3 42. b4 axb4 43. cxb4 R3f4 44. Qh1+ Kg8 45. Qh5 Rxb4+ 46.
Kc3 Rbf4 47. Qxg5+ Rg7 0-1

[Event "AUTO-ADV-3413"]
[Site "http://www.queenalice.com/game.php?id=1359744"]
[Date "2015.5.16"]
[Round "1"]
[White "loinburger"]
[Black "Xavier"]
[Result "1-0"]
[WhiteElo "1810"]
[BlackElo "1808"]

1. d4 e6 2. e4 Nf6 3. e5 Nd5 4. Nf3 Nc6 5. c3 a6 6. Bd3 b5 7. a3 Be7 8. O-O d6
9. exd6 cxd6 10. Bd2 h6 11. b4 g6 12. a4 bxa4 13. Qxa4 Bd7 14. Qa2 a5 15. b5 Nb8
16. c4 Nf6 17. Bxa5 Qc8 18. Qb2 O-O 19. Bc3 Rxa1 20. Qxa1 d5 21. c5 Ng4 22. Nbd2
h5 23. Nb3 Qc7 24. h3 Nh6 25. Qc1 Nf5 26. Ne5 Bc8 27. Qd2 Nd7 28. b6 Qb8 29. Nc6
Qa8 30. Nxe7+ Nxe7 31. Ra1 Qb8 32. Qg5 f6 33. Qe3 e5 34. f3 Kg7 35. Ra7 Bb7 36.
Na5 Nf5 37. Bxf5 gxf5 38. Rxb7 Qe8 39. dxe5 Kg6 40. Bd2 Rh8 41. exf6 Qxe3+ 42.
Bxe3 Nxf6 43. c6 Ra8 44. c7 1-0

[Event "AUTO-ADV-4138"]
[Site "http://www.queenalice.com/game.php?id=1561758"]
[Date "2019.2.21"]
[Round "1"]
[White "MarcosT"]
[Black "Xavier"]
[Result "1-0"]
[WhiteElo "1875"]
[BlackElo "1715"]

1. e4 e5 2. Nf3 Qf6 3. Nc3 c6 4. a3 Bc5 5. Be2 Nh6 6. h3 O-O 7. d3 Qg6 8. Bg5 f6
9. Bxh6 Qxh6 10. Qd2 Qxd2+ 11. Nxd2 Bd4 12. O-O d6 13. Rab1 Nd7 14. Na2 a5 15.
Nc4 d5 16. exd5 cxd5 17. Nd6 Nb6 18. Nxc8 Raxc8 19. c3 Bc5 20. b4 axb4 21. axb4
Bd6 22. Rfc1 f5 23. Rc2 d4 24. c4 Na4 25. c5 Be7 26. Ra1 b6 27. Rac1 bxc5 28. b5
Bg5 29. Rb1 Nb6 30. Nc1 f4 31. Bf3 c4 32. Bc6 c3 33. Nb3 e4 34. Bxe4 Nd7 35.
Nxd4 Nc5 36. Bf3 Nxd3 37. Ne6 Rf5 38. Bg4 Re5 39. Nxg5 Rb8 40. Nf3 Rc5 41. b6 h6
42. Nd4 Kh8 43. Ne6 Rc6 44. b7 Ne5 45. Nd4 Rc7 46. Ne2 Nxg4 47. hxg4 g5 48. Rxc3
Rcxb7 49. Rxb7 Rxb7 50. Rc8+ Kg7 51. Nd4 Rb1+ 52. Kh2 Kf6 53. Rc6+ Ke5 54. Nf3+
Kd5 55. Rxh6 Rb2 56. Rg6 Rxf2 57. Rxg5+ Ke4 58. Re5+ Kd3 59. g5 Rb2 60. Re6 Rb5
61. g6 Rh5+ 62. Kg1 Rh8 63. Ne5+ Kd4 64. Re7 Rg8 65. g7 Ke4 66. Nd7+ Kf5 67. Nc5
Kg4 68. Kf2 Kf5 69. Nd7 Kg5 70. Kf3 Rd8 71. Rf7 Kg6 72. Ne5+ Kh7 73. Rf8 1-0

[Event "AUTO-ADV-4138"]
[Site "http://www.queenalice.com/game.php?id=1561759"]
[Date "2019.2.21"]
[Round "1"]
[White "Xavier"]
[Black "MarcosT"]
[Result "0-1"]
[WhiteElo "1727"]
[BlackElo "1816"]

1. c4 Nf6 2. d3 e6 3. Nc3 g6 4. Nf3 Bg7 5. e4 O-O 6. Bg5 d6 7. Be2 Nbd7 8. d4 c6
9. O-O Re8 10. Bf4 Nh5 11. Bg5 Bf6 12. Bh6 b6 13. g4 Ng7 14. Bf4 e5 15. dxe5
dxe5 16. Bg3 Bb7 17. Qc2 Ne6 18. Rfd1 Qc7 19. b4 a6 20. Qd2 Rad8 21. g5 Be7 22.
Qb2 Nf4 23. h4 c5 24. b5 axb5 25. Nxb5 Qc6 26. Nxe5 Nxe5 27. Bxf4 Qxe4 28. f3
Rxd1+ 29. Rxd1 Qxf4 30. Nc7 Qg3+ 31. Kf1 Nxf3 32. Bxf3 Qxf3+ 33. Qf2 Qxd1+ 0-1

[Event "AUTO-ADV-4138"]
[Site "http://www.queenalice.com/game.php?id=1561772"]
[Date "2019.2.21"]
[Round "1"]
[White "Equiferus"]
[Black "Xavier"]
[Result "1-0"]
[WhiteElo "1916"]
[BlackElo "1736"]

1. d4 f5 2. e3 Nf6 3. Nf3 g6 4. Bd3 e6 5. O-O Nc6 6. c4 d5 7. Nbd2 Nb4 8. Be2
dxc4 9. Nxc4 Qd5 10. a3 Nc6 11. Nce5 Nxe5 12. Nxe5 Ne4 13. f3 Nd6 14. b3 Bg7 15.
Bb2 g5 16. Qc2 c6 17. Bd3 O-O 18. e4 fxe4 19. fxe4 Qa5 20. Rxf8+ Bxf8 21. Rf1
Bg7 22. b4 Qc7 23. Qc5 Bd7 24. d5 exd5 25. exd5 b6 26. Qc2 Nf5 27. dxc6 Bxc6 28.
Bxf5 Bxe5 29. Be6+ Kh8 30. Qxc6 1-0

[Event "AUTO-ADV-4138"]
[Site "http://www.queenalice.com/game.php?id=1561773"]
[Date "2019.2.21"]
[Round "1"]
[White "Xavier"]
[Black "Equiferus"]
[Result "0-1"]
[WhiteElo "1746"]
[BlackElo "1906"]

1. e4 d5 2. c3 e5 3. Nf3 Nc6 4. Qa4 Bd7 5. exd5 Nd4 6. Qd1 Nxf3+ 7. Qxf3 Nf6 8.
Bc4 Bd6 9. d3 c5 10. O-O O-O 11. Bg5 Be7 12. h3 h6 13. Bh4 b5 14. Bb3 Qb6 15.
Re1 Qd6 16. Bg3 c4 17. dxc4 Rac8 18. Bxe5 Qc5 19. Bd4 Qd6 20. Bxa7 bxc4 21. Bc2
Nxd5 22. Qe4 f5 23. Qf3 f4 24. g4 fxg3 25. Qxg3 Nf4 26. Qe3 Nxh3+ 27. Kf1 Rxf2+
0-1

[Event "AUTO-ADV-4138"]
[Site "http://www.queenalice.com/game.php?id=1561780"]
[Date "2019.2.21"]
[Round "1"]
[White "Garantia"]
[Black "Xavier"]
[Result "1-0"]
[WhiteElo "2070"]
[BlackElo "1752"]

1. d4 f5 2. g3 e6 3. c4 c6 4. Bg2 Bb4+ 5. Nc3 Qa5 6. Bd2 Nf6 7. a3 Bd6 8. e4 Qa6
9. e5 Ne4 10. Nxe4 fxe4 11. exd6 Qxc4 12. Ne2 Qd3 13. Bc3 Qxd1+ 14. Rxd1 O-O 15.
Bxe4 b6 16. b4 a6 17. a4 g5 18. f4 gxf4 19. Nxf4 b5 20. a5 Ra7 21. O-O Rf6 22.
Nh5 1-0

[Event "AUTO-ADV-4138"]
[Site "http://www.queenalice.com/game.php?id=1561781"]
[Date "2019.2.21"]
[Round "1"]
[White "Xavier"]
[Black "Garantia"]
[Result "0-1"]
[WhiteElo "1749"]
[BlackElo "2076"]

1. e4 d5 2. c3 dxe4 3. Qa4+ c6 4. d4 exd3 5. Be3 a6 6. Nd2 Nf6 7. Ngf3 e6 8. Ne5
Qc7 9. Bf4 Bd6 10. Nxd3 Bxf4 11. Nxf4 b5 12. Qb4 c5 13. Bxb5+ axb5 14. Qxb5+ Bd7
15. Qc4 Ra4 16. b4 Na6 17. Nd3 cxb4 18. Qxc7 Nxc7 19. cxb4 Nfd5 20. a3 Ke7 21.
O-O Rha8 22. Nc4 Nb5 23. Ndb2 R4a6 24. a4 Nbc3 25. b5 Bxb5 26. a5 Ne2+ 27. Kh1
f6 28. Rfe1 Nd4 29. Re4 Nb3 30. Ra3 Nxa5 31. Nxa5 Rxa5 32. Rxa5 Rxa5 33. h3 Ra2
34. Nc4 Bxc4 35. Rxc4 Rxf2 0-1